| 000 | 00783nam a2200217 a 4500 | ||
|---|---|---|---|
| 008 | 200619s2012 ||||||||||||||||| || u | ||
| 020 | _a9781107005464 | ||
| 050 | _aTA 418.9 Nov | ||
| 100 | _aHecht, Bert | ||
| 245 | 1 | 0 |
_aPrinciples of nano-optics. 2nd edition. _cBy Lukas Novothny, Bert Hecht |
| 250 | _a2nd edition | ||
| 260 |
_aCambridge _bCambridge University Press _c2012 |
||
| 300 | _axiii, 564 pages : illustrations | ||
| 650 | _aNANOPHOTONICS | ||
| 650 | _aPHOTONICS | ||
| 650 | _aNEAR-FIELD MICROSCOPY | ||
| 650 | _aQUANTUM OPTICS | ||
| 650 | _aNANOSTRUCTURED MATERIALS | ||
| 700 | _aNovotny, Lukas | ||
| 995 |
_D89.99 _FCBU-MAIN LIBRARY (Kitwe) _M1 _UAVAILABLE _WJul 1, 2020 _ZMain Library Open Access Collection |
||
| 999 |
_c54617 _d54617 |
||